000 00607nam a2200133 a 4500
008 101102s1989 ||||||||||||||||| || u
050 _aTHESIS/POSTGRADUATE
100 _aMukuka, Lawrence
245 1 0 _aFormal education and the adoption of agricultural innovations among the Subsistence Citemene cultivators of the Northern Province of Zambia
260 _aBerkeley
_bUniversity of Califoria
_c1989
300 _a135p.
350 _a0.00
995 _D0.00
_FCBU-MAIN LIBRARY (Kitwe)
_H1
_I0.00
_M1
_UAVAILABLE
_WNov 2, 2010
_ZUniversity Collection
999 _c43815
_d43815